Open Data Biblioteca Nacional de Portugal


República Portuguesa: Ministério da Cultura
Biblioteca Nacional de Portugal

Catálogo da BNP: acesso por Identificadores Unívocos
Registos Bibliográficos associados ao registo de autoridade

Etiqueta de registo: 00254nam 2200025 450
001 2286652
003 http://id.bnportugal.gov.pt/bib/catbnp/2286652
100 ## $a20260521d2025 k y0pory01030103ba
101 0# $apor$deng
102 ## $aPT
105 ## $ay m 001yy
106 ## $ar
200 1# $aDiálogos na escrita de Herman Melville$edo atlântico ao oceânico$fRute Júlia Vieira da Rocha Beirante$gorient. Maria Teresa Gomes Ferreira de Almeida Alves, Maria Teresa de Salter Cid Gonçalves Rocha Pires
210 #9 $aLisboa$c[s.n.],$d2025
215 ## $a248 p.$d30 cm
300 ## $aAcesso não autorizado por um perído de 3 anos
328 #1 $aTese dout. Estudos Ingleses e Americanos (Estudos Americanos), Faculdade de Letras da Universidade de Lisboa, 2025
675 ## $a821.111(73)Melville, Herman.09(043)$vBN$zpor$31816214
700 #1 $aBeirante,$bRute Júlia Vieira da Rocha$31998980
702 #1 $aAlves,$bTeresa Ferreira de Almeida,$f1938-$4727$3241690
702 #1 $aCid,$bTeresa$f1949-$4727$354330
801 #0 $aPT$bBN$gRPC
966 ## $lBN$mFGMON$sL. 182115 V.$x1
971 ## $cisantos$d20260521
973 ## $cigoulao$d20260616

OpendataBNP@bnportugal.pt | Mais informação sobre acesso aos dados BNP